Balance the risk and profit (Record no. 78888)
[ view plain ]
| 000 -LEADER | |
|---|---|
| fixed length control field | 01000cab a22002055a 4500 |
| 001 - CONTROL NUMBER | |
| control field | L138486 |
| 008 - FIXED-LENGTH DATA ELEMENTS--GENERAL INFORMATION | |
| fixed length control field | 070612e20070906xxk f 000 0 eng d |
| 035 ## - SYSTEM CONTROL NUMBER | |
| System control number | (Sirsi) u138486 |
| 041 0# - LANGUAGE CODE | |
| Language code of text/sound track or separate title | eng |
| 100 1# - MAIN ENTRY--PERSONAL NAME | |
| Personal name | Morley, Stuart |
| 245 00 - TITLE STATEMENT | |
| Title | Balance the risk and profit |
| 260 ## - PUBLICATION, DISTRIBUTION, ETC. | |
| Date of publication, distribution, etc. | 2007 |
| 490 ## - SERIES STATEMENT | |
| Series statement | Estates Gazette |
| Volume/sequential designation | (0723) 9 June 2007, 160-161(2) |
| 520 ## - SUMMARY, ETC. | |
| Summary, etc. | Mainly for Students article examines the implications of preletting agreements from the developer?s viewpoint. There are financial benefits and drawbacks. Prelet negotiations may delay construction and increase land finance costs. However, banks will normally take a favourable view of prelets. The developer?s risk may also be reduced. A significant prelet may stimulate interest in a site. The property cycle is considered, with rent reviews potentially taking place upon the date of occupation. |
| 590 ## - LOCAL NOTE (RLIN) | |
| Local note | KA |
| 651 #4 - SUBJECT ADDED ENTRY--GEOGRAPHIC NAME | |
| Geographic name | United Kingdom |
| Chronological subdivision | |
| 690 ## - LOCAL SUBJECT ADDED ENTRY--TOPICAL TERM (OCLC, RLIN) | |
| Topical term or geographic name as entry element | PROPERTY-PROPERTY DEVELOPMENT |
| 700 1# - ADDED ENTRY--PERSONAL NAME | |
| Personal name | Fisher, Peter |
| 942 ## - ADDED ENTRY ELEMENTS (KOHA) | |
| Suppress in OPAC | 0 |
| Withdrawn status | Lost status | Source of classification or shelving scheme | Damaged status | Not for loan | Home library | Current library | Shelving location | Date acquired | Total Checkouts | Full call number | Barcode | Date last seen | Copy number | Price effective from | Koha item type |
|---|---|---|---|---|---|---|---|---|---|---|---|---|---|---|---|
| Dewey Decimal Classification | London | London | Journal article | 12/06/2007 | L138486 | 138486-1001 | 06/08/2019 | 1 | 06/08/2019 | Journal article |